Responses for Show #9107 - Tuesday, May 21, 2024

Grant DeYoung game 5.

Contestants

[<< previous game]

Chris D'Amico, a verifications specialist from Lakewood, Ohio

Sam Spar, a CPA originally from Burlington, Vermont

Grant DeYoung, a grocery clerk from Prescott, Arizona (whose 4-day cash winnings total $81,203)

[next game >>]

Jeopardy! Round responses

HERE COMES THE SON
THE NEW YORK TIMES
MEANWHILE, BACK AT THE RANCH
EXPENSIVE GRADUATION GIFTS
PERFECTLY UNBALANCED
DOUBLE-LETTER BROADWAY SUMMARIES
    $200 27
King Charles

Chris
    $200 28
(Chris: What is a strike?)

a power outage (the great blackout)

Chris
Triple Stumper
    $200 29
the Grand Canyon

Chris
    $200 30
New Delhi

Grant
    $200 15
listing

Triple Stumper
    $200 21
Annie

Sam
    $400 26
John Quincy Adams

Grant
    $400 25
Weinstein

Grant
    $400 24
Hidden Valley

Chris
    $400 22
(Chris: What is Mercedes-Benz?)

Audi

GrantChris
    $400 14
(Chris: What is helter-skelter?)
(Grant: What's see-saw?)

teeter-totter

GrantSamChris
    $400 16
Fiddler on the Roof

Grant
    $600 10
Mongol

Grant
    $600 7
"All the News That's Fit to Print"

Grant
    $600 5
(Grant: What's Mauna Loa?)
(Chris: What is Diamond Head?)

Mauna Kea

GrantChris
Triple Stumper
    $600 23
(Grant: What's... uh, Lady Gaga?)

Melanie Martinez

Grant
Triple Stumper
    $600 13
kilter

Chris
    $600 18
Harry Potter and the Cursed Child

Grant
    $800 11
Dumas

Grant
    $800 8
(Grant: What's... The Bridge on the River Kwai?)

The Killing Fields

GrantChris
    $800 6
Roy Rogers

Chris
    $800 3
Apple

Triple Stumper
    $1,000 1
a wobbly (the Wobblies)

Grant
    $800 19
Into the Woods

Grant
    $1000 12
(Grant: What's JCS?)

CPE Bach (Carl Philipp Emanuel)

Grant
Triple Stumper
    $1000 9
the Pentagon Papers

Chris
    $1000 17
Taos

Grant
    $1000 4
(Ken: It's Belgium's [*].)

René Magritte

Triple Stumper
    $1000 2
asymmetric warfare

Triple Stumper
    $1000 20
Once Upon a Mattress

Chris

Scores at the first commercial break (after clue 15):

Grant Sam Chris
$200 $400 $2,200

Scores at the end of the Jeopardy! Round:

Grant Sam Chris
$3,800 $600 $3,400

Double Jeopardy! Round responses

BAND BOOKS
5-LETTER CHEMISTRY
AN ORGANIZATION WITH ALLITERATION
TV
19th CENTURY BRITAIN
"I" IS THE ONLY VOWEL
    $400 28
Ricky Ricardo

Chris
    $400 21
(Grant: What's... bronze?)

brass

GrantChris
    $400 29
(Chris: Bring it on.)
(Ken: Oh, "Bring it on", that's a new one.)
[Laughter]

the Better Business Bureau

Chris
    $400 26
[Sam did not include the leading article in her response.]

The West Wing

Sam
    $400 30
Big Ben

Chris
    $400 27
a picnic

Grant
    $3,000 23
Orpheus

Grant
    $800 20
ether

Chris
    $800 24
(Grant: What's baseball?)
(Ken: No.)
(Grant: [*]?)

Little League

GrantSam
    $800 25
Euphoria

Triple Stumper
    $800 22
slave

Grant
    $800 1
skittish

Triple Stumper
    $1200 6
Station Eleven

Triple Stumper
    $1200 3
(Grant: What's alkaline?)

basic

Grant
Triple Stumper
    $1200 13
Toys for Tots

Grant
    $1200 12
Brandy

Grant
    $1200 9
sewers

Chris
    $1200 2
flint

Grant
    $1600 7
Daisy Jones and The Six

Triple Stumper
    $1600 4
inert

Grant
    $4,000 14
(Grant: What's... Ladies Con Leche?)
(Ken: No, you're close--I would join Ladies Con Leche--this is [*]...)
(Grant: That sounds a lot better, actually.)

La Leche League

Grant
    $1600 15
Paddy's Pub

Sam
    $1600 10
Punch

Chris
    $1600 17
nihilism

Grant
    $2000 8
(Ken: It's a Pulitzer winner by [*].)

Jennifer Egan

Triple Stumper
    $2000 5
ester

Grant
    $2000 19
the Progressive Party

Triple Stumper
    $2000 16
Jaleel White

Chris
    $2000 11
Beau Brummell

Chris
    $2000 18
bight

Grant

Scores at the end of the Double Jeopardy! Round:

Grant Sam Chris
$12,400 $3,400 $12,600

[wagering suggestions for these scores]

Final Jeopardy! Round responses

THE MOVIES
(Ken: [To Sam] They played the ghosts of the Grady sisters, "Come and play with us".)
SamWhat is The Shining?
$1,999
GrantWhat is The Shining?
$399
ChrisWhat is The Shining?
$12,500
The Shining

Final scores:

Grant Sam Chris
$12,799 $5,399 $25,100
2nd place: $3,000 3rd place: $2,000 New champion: $25,100

Game dynamics:

Coryat scores:

Grant Sam Chris
$14,000 $3,400 $12,600
22 R
(including 2 DDs),
9 W
(including 1 DD)
5 R,
0 W
17 R,
4 W

Combined Coryat: $30,000

[game clues] [game scores] [suggest correction]

Game tape date: 2024-04-08
The J! Archive is created by fans, for fans. Scraping, republication, monetization, and malicious use prohibited; this site may use cookies and collect identifying information. See terms. The Jeopardy! game show and all elements thereof, including but not limited to copyright and trademark thereto, are the property of Jeopardy Productions, Inc. and are protected under law. This website is not affiliated with, sponsored by, or operated by Jeopardy Productions, Inc. Join the discussion at JBoard.tv.